| 000 | 00512nam a2200193Ia 4500 | ||
|---|---|---|---|
| 003 | GCL | ||
| 008 | 140319s9999 xx 000 0 eng d | ||
| 020 | _a0553213402 | ||
| 040 |
_aGCL / _cGCL |
||
| 082 | 0 | 4 |
_a324.27322 _bH T |
| 100 | 1 | _aHAMILTON, ALEXANDER | |
| 245 | 1 | 0 |
_aTHE FEDERALIST PAPERS / _cHAMILTON, ALEXANDER |
| 700 | 1 | _aMADISON, JAMES | |
| 260 |
_a[S.N] : _bBANTAM BOOKS ، _c1982 |
||
| 300 |
_a18 CM ؛ _cXXV11, 483 P |
||
| 650 | 0 | 4 | _aGOVERNMENT |
| 650 | 0 | 4 | _aFEDERAL GOVERNMENT |
| 942 |
_2ddc _cBK |
||
| 999 |
_c4743 _d4743 |
||